000 00767nab a2200229 u 4500
001 19172
003 HDC
007 cr bn ---aaaaa
008 210228c mydr|noo 0 a eng d
040 _aHDC
245 0 _aGovernment focusing on production, export of halal products: MCCI
260 _a[No place] :
_b[publisher not identified],
_c2010
336 _atext
_2rdacontent
337 _acomputer
_2rdamedia
338 _aonline resource
_2rdacarrier
650 _aHalal industry
_9144
650 _ahalal product
_948
856 _zRequest full-text at [email protected]
942 _2lcc
942 _cNEWS
942 _kNWSO 008966
999 _c16488
_d16488